|
|
|
|
| LEADER |
00000nam a2200000Ia 4500 |
| 008 |
170315b2009 cr ||||| |||| 00| | spa d |
| 999 |
|
|
|c 622
|d 622
|
| 020 |
|
|
|a 9789968633024
|
| 090 |
|
|
|a 06.03.06
|b 423
|
| 100 |
1 |
|
|a Ugalde Víquez, María del Carmen
|9 2549
|
| 245 |
1 |
4 |
|a Las rutas de la lectura: reflexiones teóricas para educadores y educadoras de la educación primaria o básica /
|c María del Carmen Ugalde Víquez
|
| 250 |
|
|
|a 1 edición
|
| 260 |
|
|
|a Costa Rica :
|b Coordinación Educativa y Cultural Centroamericana CECC/SICA,
|c 2009
|
| 300 |
|
|
|a 153 páginas
|
| 490 |
|
|
|a Colección Pedagógica Formación Inicial de Docentes Centroamericanos de Educación Básica N°49
|
| 650 |
1 |
4 |
|a EDUCACIÓN PRIMARIA
|9 367
|
| 650 |
1 |
4 |
|a LIBROS DE TEXTO
|9 1746
|
| 650 |
1 |
4 |
|a LECTURA
|9 365
|
| 650 |
1 |
4 |
|a ENSEÑANZA CORRECTIVA
|9 2550
|
| 650 |
1 |
4 |
|a COMPRENSIÓN DE LECTURA
|9 1188
|
| 942 |
|
|
|i 002934
|h 06.03.06 423
|2 z
|c 01
|